| 000 | 01494cam a2200433 4500 | ||
|---|---|---|---|
| 999 |
_c23323 _d23323 |
||
| 001 | vtls011724253 | ||
| 005 | 20221003072726.0 | ||
| 008 | 200316s2017 xo gr 010 fdslo | ||
| 020 |
_a9788081427077 _q(viazané) |
||
| 035 | _aurn:nbn:sk:snk-am00dgfp | ||
| 035 | _aurn:nbn:sk:snk-am3i1fp | ||
| 035 | _a172024C3-4641-44B8-B6C7-E262AAEEF4D5 | ||
| 040 |
_aPPPK _bslo _cPPPK _dSNK _erda |
||
| 041 | 1 |
_aslo _heng |
|
| 044 |
_axo _cSK |
||
| 072 | 7 |
_a821.111-3 _xAnglická próza, anglicky písaná _2konspekt |
|
| 080 |
_a821.111-31 _22011 |
||
| 080 |
_a(0:82-311.6) _22011 |
||
| 100 | 1 |
_aBlake, Victoria _4aut _93321 |
|
| 240 | 1 | 0 |
_aTitian’s boatman _lSlovensky |
| 245 | 1 | 0 |
_aNávrat kurtizány _cVictoria Blakeová ; z anglického originálu Titian’s boatman preložila Veronika Fričová |
| 250 | _aPrvé vydanie | ||
| 264 | 1 |
_aBratislava _bFortuna Libri _c2017 |
|
| 300 |
_a345 strán _c22 cm |
||
| 336 |
_atext _btxt _2rdacontent |
||
| 337 |
_abez média _bn _2rdamedia |
||
| 338 |
_azväzok _bnc _2rdacarrier |
||
| 500 | _aNa obálke: Benátky sú mesto plné tajomstiev, ktoré pretrvajú storočia. | ||
| 500 | _aObsahuje projesijne údaje o autorke | ||
| 655 | 7 |
_aanglické romány _2SNKPH _98 |
|
| 655 | 7 |
_aEnglish fiction _2SNKPHeng _99 |
|
| 655 | 7 |
_ahistorické romány _2SNKPH _91688 |
|
| 655 | 7 |
_aHistorical novels _2SNKPHeng _91689 |
|
| 700 | 1 |
_aFričová, Veronika _c(prekladateľka) _4trl _93322 |
|
| 958 | _aLX | ||
| 958 | _aUP | ||
| 958 | _aNB | ||
| 958 | _aBC | ||